Determination of the phenol compounds in concrete using GC-MS

Organic contaminants from building materials negatively affected people's health. This study presents the validation of the analytical method, developed for the simultaneous identification and quantification of 9 phenolic compounds: phenol, 2-chloro phenol, 2,4-dimethyl phenol, 2,4-dichlorophen...

Teljes leírás

Elmentve itt :
Bibliográfiai részletek
Szerzők: Savić Branislava
Mihajlović Ivana
Brdarić Tanja
Krivokapić Nevena
Seović Mina
Nikolić Željka
Testületi szerző: International Symposium on Analytical and Environmental Problems (23.) (2017) (Szeged)
Dokumentumtípus: Könyv része
Megjelent: 2017
Sorozat:Proceedings of the International Symposium on Analytical and Environmental Problems 23
Kulcsszavak:Fenolok, Beton, Kémia
Online Access:http://acta.bibl.u-szeged.hu/56214
LEADER 01957naa a2200265 i 4500
001 acta56214
005 20260224081030.0
008 190102s2017 hu o 100 eng d
020 |a 978-963-306-563-1 
040 |a SZTE Egyetemi Kiadványok Repozitórium  |b hun 
041 |a eng 
100 1 |a Savić Branislava 
245 1 0 |a Determination of the phenol compounds in concrete using GC-MS  |h [elektronikus dokumentum] /  |c  Savić Branislava 
260 |c 2017 
300 |a 313-316 
490 0 |a Proceedings of the International Symposium on Analytical and Environmental Problems  |v 23 
520 3 |a Organic contaminants from building materials negatively affected people's health. This study presents the validation of the analytical method, developed for the simultaneous identification and quantification of 9 phenolic compounds: phenol, 2-chloro phenol, 2,4-dimethyl phenol, 2,4-dichlorophenol, 2,6-dichlorophenol, 4-chloro-3-methyl phenol, 2,4,6-trichlorophenol, 2,3,4,6-tetrahydrophenol, pentachlorophenol in solid-solid concrete by gas chromatographic method with mass spectrometric detection (GC-MS). By comparing the MS spectra of the test compounds with MS spectra of analytical standards, reliable identification was achieved. The method can be applied in a given range (from 0.01 to 7.5 mg/kg) with the appropriate parameters precision, accuracy, repeatability and linearity. The developed method could be used for the quality control testing of phenols in concrete during the construction of new buildings and the old residences. 
695 |a Fenolok, Beton, Kémia 
700 0 1 |a Mihajlović Ivana  |e aut 
700 0 1 |a Brdarić Tanja  |e aut 
700 0 1 |a Krivokapić Nevena  |e aut 
700 0 1 |a Seović Mina  |e aut 
700 0 1 |a Nikolić Željka  |e aut 
710 |a International Symposium on Analytical and Environmental Problems (23.) (2017) (Szeged) 
856 4 0 |u http://acta.bibl.u-szeged.hu/56214/1/proceedings_of_isaep_2017_313-316.pdf  |z Dokumentum-elérés